<?xml version="1.0" encoding="UTF-8"?>
<record
    xmlns:xsi="http://www.w3.org/2001/XMLSchema-instance"
    xsi:schemaLocation="http://www.loc.gov/MARC21/slim http://www.loc.gov/standards/marcxml/schema/MARC21slim.xsd"
    xmlns="http://www.loc.gov/MARC21/slim">

  <leader>00698ngm a22001577a 4500</leader>
  <controlfield tag="005">20190812094850.0</controlfield>
  <controlfield tag="008">160921b        xxu||||| |||| 00| 0 spa d</controlfield>
  <datafield tag="041" ind1=" " ind2=" ">
    <subfield code="a">spa</subfield>
  </datafield>
  <datafield tag="082" ind1=" " ind2=" ">
    <subfield code="a">18 DVD</subfield>
  </datafield>
  <datafield tag="245" ind1=" " ind2=" ">
    <subfield code="a">Bosques de Costa Rica</subfield>
  </datafield>
  <datafield tag="300" ind1=" " ind2=" ">
    <subfield code="a">1 CD-ROM</subfield>
  </datafield>
  <datafield tag="500" ind1=" " ind2=" ">
    <subfield code="a">Exploramos lugares de una belleza insospechada bosques siempre verdes que encierran una fauna casi desconocida por el ser humano.Volaremos hasta los grandes humedales, unos de ellos situados en el Caribe donde grandes yolillales se reflejan como espejos otros albergan el sitio de anidaci&#xF3;n de ave m&#xE1;s grande del hemisferio occidental.
</subfield>
  </datafield>
  <datafield tag="650" ind1=" " ind2=" ">
    <subfield code="a">BOSQUES DE COSTA RICA</subfield>
    <subfield code="9">40440</subfield>
  </datafield>
  <datafield tag="650" ind1=" " ind2=" ">
    <subfield code="a">HUMEDALES </subfield>
    <subfield code="9">20956</subfield>
  </datafield>
  <datafield tag="942" ind1=" " ind2=" ">
    <subfield code="c">DVD</subfield>
  </datafield>
  <datafield tag="999" ind1=" " ind2=" ">
    <subfield code="c">12228</subfield>
    <subfield code="d">12228</subfield>
  </datafield>
  <datafield tag="952" ind1=" " ind2=" ">
    <subfield code="0">0</subfield>
    <subfield code="1">0</subfield>
    <subfield code="4">0</subfield>
    <subfield code="7">0</subfield>
    <subfield code="a">BACB</subfield>
    <subfield code="b">BACB</subfield>
    <subfield code="d">2019-08-12</subfield>
    <subfield code="l">0</subfield>
    <subfield code="o">18 DVD</subfield>
    <subfield code="p">18DVD</subfield>
    <subfield code="r">2019-08-12 00:00:00</subfield>
    <subfield code="w">2019-08-12</subfield>
    <subfield code="y">DVD</subfield>
  </datafield>
</record>
